000 00819nam a2200289 4500
001 30133
003 BD-RjUL
005 20211209051522.0
008 140409s1975 enka b 001 0 eng d
020 _a0416827802
020 _a041682790X
035 _a(BD-RjUL)30218
040 _aDLC
_cDLC
_dBD-RjUL
_beng
041 _aeng
082 0 0 _a150.194
_bWAL 1975
100 1 _aWalker, Stephen,
_d1941-
_991620
245 1 0 _aLearning and reinforcement /
_cStephen Walker.
260 _aLondon :
_bMethuen,
_c1975.
300 _a144 p. :
_bill. ;
_c19 cm.
504 _aIncludes bibliographies and indexes.
650 0 _aConditioned response.
_97097
650 0 _aReinforcement (Psychology)
_95068
942 _2ddc
_cBK
999 _c30133
_d30133